MyGZULibrary

Modern management methods, (Record no. 7207)

MARC details
000 -LEADER
fixed length control field 00770nam a22002531 4500
001 - CONTROL NUMBER
control field 2168662
003 - CONTROL NUMBER IDENTIFIER
control field GZU
005 - DATE AND TIME OF LATEST TRANSACTION
control field 20210505150729.0
008 - FIXED-LENGTH DATA ELEMENTS--GENERAL INFORMATION
fixed length control field 800124s1966 ohua b 000 0 eng
010 ## - LIBRARY OF CONGRESS CONTROL NUMBER
LC control number 65027421
040 ## - CATALOGING SOURCE
Original cataloging agency DLC
Transcribing agency DLC
Modifying agency DLC
050 00 - LIBRARY OF CONGRESS CALL NUMBER
Classification number HD31
Item number .D174
082 00 - DEWEY DECIMAL CLASSIFICATION NUMBER
Classification number 658
100 1# - MAIN ENTRY--PERSONAL NAME
Personal name Dale, Ernest,
Dates associated with a name 1917-
245 10 - TITLE STATEMENT
Title Modern management methods,
Statement of responsibility, etc. by Ernest Dale and L. C. Michelon.
260 ## - PUBLICATION, DISTRIBUTION, ETC.
Place of publication, distribution, etc. Cleveland,
Name of publisher, distributor, etc. World Pub. Co.
Date of publication, distribution, etc. [1966]
300 ## - PHYSICAL DESCRIPTION
Extent x, 211 p.
Other physical details col. illus.
Dimensions 24 cm.
490 0# - SERIES STATEMENT
Series statement [World continuing education series]
504 ## - BIBLIOGRAPHY, ETC. NOTE
Bibliography, etc. note Bibliographical footnotes.
650 #0 - SUBJECT ADDED ENTRY--TOPICAL TERM
Topical term or geographic name entry element Industrial management.
700 1# - ADDED ENTRY--PERSONAL NAME
Personal name Michelon, Leno Ceno,
Dates associated with a name 1918-
906 ## - LOCAL DATA ELEMENT F, LDF (RLIN)
a 7
b cbc
c orignew
d u
e ocip
f 19
g y-gencatlg
942 ## - ADDED ENTRY ELEMENTS (KOHA)
Source of classification or shelving scheme Library of Congress Classification
Koha item type Books
Classification part 31
Item part DAL
Call number prefix HD
Call number suffix 1966
Holdings
Withdrawn status Lost status Damaged status Not for loan Collection code Home library Current library Shelving location Date acquired Total Checkouts Full call number Barcode Date last seen Copy number Price effective from Koha item type
        Non-fiction Mashava Campus Library Mashava Campus Library General Stacks 05/05/2021   HD 31 DAL 1966 000405 05/05/2021 c.1 05/05/2021 Books